[Event "BL2-W9798"]
[Site "Germany"]
[Date "1998.??.??"]
[Round "?.7"]
[White "Polster, Wolfgang"]
[Black "Dresen, Ulrich"]
[Result "0-1"]
[WhiteElo "2225"]
[BlackElo "2265"]

1.e4 d6 2.d4 Nf6 3.Nc3 e5 4.dxe5 dxe5 5.Qxd8+ Kxd8 6.Bg5 Be6 7.O-O-O+ Nd7
8.Nf3 Bd6 9.Bb5 Kc8 10.Rhe1 Ne8 11.Rd2 f6 12.Be3 c6 13.Ba4 Nb6 14.Bxb6 axb6
15.Bb3 Bxb3 16.cxb3 b5 17.Kb1 Kd7 18.a4 bxa4 19.Nxa4 Ke6 20.Rc1 Nc7 21.Rcd1 Nb5
22.Rd3 Ke7 23.Ne1 Nd4 24.Nc2 c5 25.Rc3 Ra5 26.Ne3 b5 27.Nxc5 Rha8 28.Rxd4 exd4
29.Nf5+ Kf8 30.Ne6+ Kf7 31.Nexd4 Be5 32.f4 Bxf4 33.Ne2 Be5 34.Rd3 Ra1+ 35.Kc2 Rc8+
36.Kd2 Rb1 37.Rd7+ Ke8 38.Re7+ Kf8 39.Rxg7 Rxb2+ 40.Ke3 Rxb3+ 41.Kf2 Rc2
42.Rxh7 Rbb2 43.Rh8+ Kf7 44.Rh7+ Ke8 45.Rh8+ Kd7 46.Rh7+ Kc6 47.Ne7+ Kc5  0-1

[Event "Oberliga Nord N9798"]
[Site "Germany"]
[Date "1998.??.??"]
[Round "?"]
[White "Sislian, Hanno"]
[Black "Ritscher, Jan Paul"]
[Result "1-0"]
[WhiteElo "2180"]
[BlackElo "2270"]

1.e4 d6 2.d4 Nf6 3.Nc3 c6 4.a4 Bg4 5.Be2 Bxe2 6.Ngxe2 e6 7.d5 Be7 8.O-O O-O
9.dxe6 fxe6 10.Nf4 Qc8 11.Qe2 e5 12.Nh5 Nxh5 13.Qxh5 Qe6 14.Bg5 g6 15.Qh6 Bxg5
16.Qxg5 Nd7 17.Rad1 Nf6 18.Qd2 Rad8 19.Qe3 a6 20.Rde1 Nh5 21.b3 Qg4 22.f3 Qh4
23.g3 Qh3 24.Qf2 Rf6 25.Re3 Ng7 26.Ne2 Ne6 27.f4 Rdf8 28.Rf3 Ng5 29.Rd3 Qg4
30.Kh1 Kg7 31.h4 Ne6 32.Rf3 h6 33.Qe3 exf4 34.gxf4 Nc5 35.Rg1 Qe6 36.e5 R6f7
37.Nd4 Qd5 38.c4 Qe4 39.Ne6+ Kh7 40.Nxf8+ Rxf8 41.b4 dxe5 42.bxc5 Qf5 43.Re1 Qh5
44.Qf2 exf4 45.Rxf4  1-0

[Event "Oberliga Ost A9798"]
[Site "Germany"]
[Date "1998.??.??"]
[Round "?.6"]
[White "Gempe, Thomas"]
[Black "Hoepfl, Thomas"]
[Result "1-0"]
[WhiteElo "2210"]
[BlackElo "2215"]

1.e4 d6 2.d4 Nf6 3.Nc3 c6 4.Nf3 Bg4 5.Be3 e6 6.h3 Bh5 7.Be2 d5 8.e5 Nfd7
9.g4 Bg6 10.Qd2 c5 11.dxc5 Nc6 12.Nd4 Bxc5 13.f4 Nxd4 14.Bxd4 Qh4+ 15.Kd1 O-O
16.Bb5 Bxd4 17.Qxd4 Nb6 18.b3 Rac8 19.Bd3 Qg3 20.Ne2 Qg2 21.Qg1 Qf3 22.Qf1 Qe3
23.Qg1 Qxg1+ 24.Rxg1 Bxd3 25.cxd3 f6 26.exf6 gxf6 27.Kd2 Kf7 28.Rac1 Rxc1
29.Rxc1 Rc8 30.Rxc8 Nxc8 31.Nc3 Nd6 32.Ke3 Ke7 33.Kd4 b6 34.b4 h5 35.a4 hxg4
36.hxg4 Nf7 37.Nb5 a5 38.bxa5 bxa5 39.Kc5 e5 40.Nc7 d4 41.Nd5+ Kd8 42.Nxf6 exf4
43.Kxd4 f3 44.Ne4 Kd7 45.Ke3 Ne5 46.g5 Ke6 47.d4 Nc4+ 48.Kxf3 Nb6 49.g6 Ke7
50.Kg4 Kf8 51.Kg5 Kg7 52.Nf6 Nc8 53.Nh5+ Kf8 54.Kf6 Ne7 55.g7+ Ke8 56.Ke6  1-0

[Event "Oberliga Nord N9798"]
[Site "Germany"]
[Date "1998.??.??"]
[Round "?"]
[White "Sebastian, Dirk"]
[Black "Leiser, Sven"]
[Result "1-0"]
[WhiteElo "2185"]
[BlackElo "2225"]

1.e4 d6 2.d4 Nf6 3.Nc3 c6 4.Bg5 Qa5 5.Qd2 e5 6.Nf3 Nbd7 7.O-O-O Be7 8.Kb1 h6
9.Bh4 b5 10.Bxf6 Bxf6 11.Nxb5  1-0

[Event "Oberliga Ost B9798"]
[Site "Germany"]
[Date "1998.??.??"]
[Round "?.4"]
[White "Henrich, Thomas"]
[Black "Nill, Jessica"]
[Result "0-1"]
[WhiteElo "2415"]
[BlackElo "2140"]

1.e4 d6 2.d4 Nf6 3.Nc3 c6 4.Nf3 Qa5 5.Bd3 e5 6.O-O Be7 7.h3 O-O 8.Be3 Re8
9.a3 Nbd7 10.Ne2 exd4 11.Bxd4 c5 12.Bc3 Qc7 13.Ng3 Ne5 14.Nxe5 dxe5 15.Bc4 Bd7
16.Qe2 Bc6 17.a4 Rad8 18.a5 a6 19.Rfe1 Rd7 20.Qf3 Bb5 21.Ba2 c4 22.Nf5 Bf8
23.g4 Re6 24.g5 Ne8 25.Ne3 Rg6 26.h4 h6 27.Qf5 Nd6 28.Qxe5 Re7 29.Qg3 Rxe4
30.f3 Re8 31.Bb4 hxg5 32.Nd5 Rxe1+ 33.Rxe1 Qc6 34.h5 Rh6 35.Qxg5 f6 36.Qd2 Rxh5
37.Nf4 Rg5+ 38.Kf2 Rf5 39.Re6 g5 40.Bxd6 Bxd6 41.Rxd6 Qc5+ 42.Qd4 Qxd4+ 43.Rxd4 Rxf4
44.Rxf4 gxf4 45.Kg2 Kg7 46.Kh3 f5 47.c3 Kf6 48.Kh4 Bc6 49.Bxc4 Bxf3 50.b4 Bc6
51.Kh3 Ke5 52.Kh2 Bb5 53.Bf7 Ke4 54.c4 Bc6 55.Kg1 Kd4 56.Kf2 Be4 57.b5 Kc5
58.bxa6 bxa6 59.Be6 Kb4 60.c5 Kxc5 61.Bxf5 Bxf5 62.Kf3 Kb4 63.Kxf4 Kxa5  0-1

[Event "NRW-Liga 9798"]
[Site "Germany"]
[Date "1998.??.??"]
[Round "7.1"]
[White "Roeder, Mathias"]
[Black "Odendahl, Reiner"]
[Result "1/2-1/2"]
[WhiteElo "2435"]
[BlackElo "2325"]

1.d4 d6 2.e4 Nf6 3.Nc3 Nbd7 4.Nf3 e5 5.Bc4 Be7 6.O-O O-O 7.Re1 c6 8.a4 b6
9.d5 cxd5 10.Bxd5 Nxd5 11.Nxd5 Bb7 12.b3 Nf6 13.Nxf6+ Bxf6 14.Ba3 Be7 15.Qd3 Qc7
16.c4 g6 17.Rad1 Rad8 18.Nd2 f5 19.f3 Bc6 20.Nb1 Qb7 21.Nc3 a6 22.Nd5 Bg5
23.Nb4 fxe4 24.fxe4 Rf6 25.Nxc6 Qxc6 26.Rf1 Rxf1+ 27.Rxf1 Be7 28.Qf3 Rf8
29.Qg4 Rxf1+ 30.Kxf1 Qe8 31.g3 Bf8 32.Kg2 h5 33.Qd1 Qc6 34.Qd5+ Qxd5 35.exd5 a5
36.Kf3 Kf7 37.b4 axb4 38.Bxb4 Be7 39.Ke4 Ke8 40.a5 bxa5 41.Bxa5 Kd7 42.Bb4 Bf8
43.Ba3 Be7 44.h3 Bf8 45.g4 hxg4 46.hxg4 Be7 47.c5 dxc5 48.Kxe5 g5 49.Ke4 Bf6
50.Kd3 Kd6 51.Kc4 Bd8 52.Bb2 Ba5 53.Bg7 Bd2 54.Bf8+ Ke5 55.Kxc5 Bb4+ 56.Kxb4 Kxd5
57.Bh6 Ke4 58.Bxg5 Kf3  1/2-1/2

[Event "BL2-N9798"]
[Site "Germany"]
[Date "1998.??.??"]
[Round "8.2"]
[White "Hector, Jonny"]
[Black "Buhr, Carl Christian"]
[Result "1/2-1/2"]
[WhiteElo "2470"]
[BlackElo "2340"]

1.e4 d6 2.d4 Nf6 3.Nc3 e5 4.dxe5 dxe5 5.Qxd8+ Kxd8 6.f4 Nc6 7.Nf3 Bd6 8.f5 h6
9.Be3 a6 10.O-O-O Ke7 11.Rg1 b5 12.a3 Bb7 13.g4 Nb8 14.Bd3 Nbd7 15.h4 h5
16.gxh5 Nxh5 17.a4 b4 18.Ne2 Raf8 19.Rg2 Nhf6 20.Rxg7 Bxe4 21.Bxe4 Nxe4 22.Bg5+ Ke8
23.Re1 f6 24.Bd2 Rfg8 25.Rxg8+ Rxg8 26.Nf4 Ng3 27.Nd5 Nxf5 28.Bxb4 Bxb4 29.Nxb4 Rg4
30.Nxa6 Rxa4 31.Nxc7+ Kd8 32.Nd5 Nxh4 33.Nd2 Rd4 34.c4 Nc5 35.Rg1 f5 36.Rg8+ Kd7
37.b4 Nd3+ 38.Kc2 f4 39.Nb3 Nxb4+ 40.Kb2 Nxd5 41.Nxd4 Ne3 42.Rg7+ Ke8 43.Ne6 f3
44.c5 f2 45.Nc7+  1/2-1/2

[Event "BL2-O9798"]
[Site "Germany"]
[Date "1998.??.??"]
[Round "8.1"]
[White "Jansa, Vlastimil"]
[Black "Bezold, Michael"]
[Result "1-0"]
[WhiteElo "2480"]
[BlackElo "2490"]

1.e4 d6 2.d4 Nf6 3.Nc3 e5 4.Nf3 Nbd7 5.Bc4 Be7 6.O-O O-O 7.a4 c6 8.Re1 Qc7
9.Ba2 a6 10.a5 h6 11.h3 Re8 12.Be3 Nf8 13.dxe5 dxe5 14.Bb6 Qb8 15.Nd2 Bb4
16.Na4 Bxd2 17.Qxd2 Be6 18.Nc5 Bxa2 19.Rxa2 Ne6 20.Nxe6 Rxe6 21.Ra3 Rd6 22.Rd3 Rxd3
23.Qxd3 Qe8 24.Rd1 Qe6 25.Bd8 Nh7 26.Qd7 Qxd7 27.Rxd7 Nf8 28.Rd3 f6 29.Be7 Re8
30.Ba3 Rc8 31.Kf1 c5 32.Rd5 Ne6 33.Rd7 Nd4 34.c3 Nb3 35.Rxb7 Nxa5 36.Rb6 Nc4
37.Rxa6 Nd2+ 38.Ke2 Nxe4 39.Ke3 Ng5 40.h4 Nf7 41.Ke4 c4 42.h5 Rd8 43.Rc6 Ng5+
44.Ke3 f5 45.f3 Rd1 46.Rxc4 f4+ 47.Ke2 Rg1 48.Kf2 Rb1 49.b4 Ra1 50.b5 e4
51.b6 e3+ 52.Ke2 Ra2+ 53.Kd1 Rxg2 54.Rb4 Rd2+ 55.Ke1 Rd7 56.Ke2 Rb7 57.Rb5 Nf7
58.c4  1-0

[Event "NRW-Liga 9798"]
[Site "Germany"]
[Date "1998.??.??"]
[Round "8.5"]
[White "Lane, Gary W"]
[Black "Van de Berkmortel, Theo"]
[Result "1-0"]
[WhiteElo "2400"]
[BlackElo "2255"]

1.e4 d6 2.d4 Nf6 3.Nc3 e5 4.Nf3 Nbd7 5.Bc4 Be7 6.O-O O-O 7.Re1 c6 8.a4 Qc7
9.h3 b6 10.Nh4 exd4 11.Qxd4 Ne5 12.Be2 Re8 13.Bf4 Nh5 14.Bxh5 Bxh4 15.Rad1 Rd8
16.b3 Bf6 17.Qe3 Be6 18.Bg5 Nd7 19.Bf4 Be5 20.Be2 Nf6 21.Bf1 Re8 22.g4 Rad8
23.Bg2 h6 24.Bg3 Bxg3 25.Qxg3 a6 26.Rd3 Re7 27.Red1 Ne8 28.f4 f6 29.Ne2 Bd7
30.f5 c5 31.Nf4 Re5 32.Ng6 c4 33.Rc3 Rc5 34.b4 Re5 35.h4 Bxa4 36.Nxe5 fxe5
37.Bf1 b5 38.g5 hxg5 39.hxg5 a5 40.bxa5 Qxa5 41.Qh3 Qa7+ 42.Kh1 Qf2 43.f6 Bxc2
44.Rf3  1-0

[Event "BL2-O9798"]
[Site "Germany"]
[Date "1998.??.??"]
[Round "9.5"]
[White "Kirchner, Thomas"]
[Black "Niedermaier, Hans"]
[Result "1/2-1/2"]
[WhiteElo "2245"]
[BlackElo "2275"]

1.e4 d6 2.d4 Nf6 3.Nc3 e5 4.Nf3 Nbd7 5.Bc4 Be7 6.Be3 c6 7.dxe5 dxe5 8.Qe2 O-O
9.a4 b6 10.O-O Qc7 11.Bg5 a6 12.Rfd1 Bb7 13.Bh4 b5 14.axb5 axb5 15.Rxa8 Rxa8
16.Bd3 h6 17.h3 Nc5 18.Bg3 Nfd7 19.Nb1 Bf6 20.Nbd2 Na4 21.Rb1 Ndc5 22.Nf1 Rd8
23.Ne3 Bc8 24.Ne1 g6 25.Qf3 Qe7 26.b3 Nc3 27.Ra1 Bg7 28.Nd1 Nxd1 29.Rxd1 Be6
30.Qe3 Nxd3 31.Rxd3 Rxd3 32.Nxd3 Qd6 33.f3 Kf8 34.Bf2 Kg8 35.Qc5 Qxc5 36.Bxc5 f6
37.Kf2 Kf7 38.Be3 h5 39.Ke2 Bf8 40.Nc5 Bc8 41.Nd3 Ke6 42.Nc5+ Kd6 43.Nd3 Bg7
44.Ba7 Ke6  1/2-1/2

[Event "Aeskulap op15"]
[Site "Goerlitz"]
[Date "1998.??.??"]
[Round "6"]
[White "Heymann, Ulrike"]
[Black "Hoffmann, Hendrik"]
[Result "1/2-1/2"]
[WhiteElo "2130"]
[BlackElo "2280"]

1.e4 d6 2.d4 Nf6 3.Nc3 c6 4.Be3 Qa5 5.Qd2 e5 6.h3 Nbd7 7.Nf3 b5 8.Bd3 b4
9.Ne2 c5 10.dxe5 Nxe5 11.Nxe5 dxe5 12.O-O Be6 13.Ng3 c4 14.Be2 Rd8 15.Qe1 Bc5
16.Bg5 h6 17.Bd2 Qb6 18.a3 c3 19.bxc3 bxa3 20.Rb1 Qd6 21.Bb5+ Kf8 22.Be3 a2
23.Ra1 Ba3 24.Nf5 Qc7 25.c4 Nxe4 26.Rxa2 Bc5 27.Bxc5+ Nxc5 28.Ne3 a6 29.Bxa6 Kg8  1/2-1/2

[Event "Haarlem AKN op"]
[Site "Haarlem"]
[Date "1998.??.??"]
[Round "6"]
[White "De Vilder, Hans"]
[Black "Hartoch, Robert G"]
[Result "1/2-1/2"]
[WhiteElo "2185"]
[BlackElo "2320"]

1.e4 d6 2.d4 Nf6 3.Nc3 e5 4.dxe5 dxe5 5.Qxd8+ Kxd8 6.Bc4 Be6 7.Bxe6 fxe6
8.f3 Nc6 9.Be3 Bd6 10.Nh3 Ke7 11.Nf2 Bb4  1/2-1/2

[Event "Hampstead Rated2"]
[Site "Hampstead "]
[Date "1998.??.??"]
[Round "4"]
[White "Summerscale, Aaron"]
[Black "Flower, David"]
[Result "1-0"]
[WhiteElo "2440"]
[BlackElo "2075"]

1.d4 d6 2.e4 Nf6 3.Nc3 e5 4.dxe5 dxe5 5.Qxd8+ Kxd8 6.Nf3 Bd6 7.h3 Nc6 8.Be3 Be6
9.Ng5 Ke7 10.Nxe6 fxe6 11.O-O-O a6 12.a3 Rad8 13.Kb1 Rd7 14.Be2 Rhd8 15.g3 Nd4
16.Bxd4 exd4 17.Rxd4 Be5 18.Rxd7+ Rxd7 19.Bd3 Bd4 20.Nd1 Rd8 21.Re1 Ba7 22.e5 Nd7
23.b4 c6 24.f4 g6 25.Re2 Nb8 26.Nb2 a5 27.bxa5 Rd5 28.Nc4 Bd4 29.h4 Bc3 30.h5 Na6
31.hxg6 hxg6 32.Rh2 Nc5 33.Rh7+ Kf8 34.g4 Rd4 35.Nd6 Rxf4 36.Nxb7 Nxb7 37.a6 Nd8
38.Ka2 Bxe5 39.a7 Ra4 40.Kb3 Ra5 41.Kb4 Bc3+ 42.Kxc3 Nf7 43.Kb4 Rxa7 44.Bxg6  1-0

[Event "Helsinki op2"]
[Site "Helsinki"]
[Date "1998.??.??"]
[Round "2"]
[White "Holmsten, Aleksei"]
[Black "Kilpela, Panu"]
[Result "1-0"]
[WhiteElo "2425"]
[BlackElo "2210"]

1.e4 d6 2.d4 Nf6 3.Nc3 e5 4.dxe5 dxe5 5.Qxd8+ Kxd8 6.Bg5 Be6 7.O-O-O+ Nd7
8.g3 Be7 9.f4 exf4 10.gxf4 g6 11.Bd3 Bg4 12.Nge2 h6 13.Bxf6 Bxf6 14.e5 Be7
15.h3 Bxe2 16.Bxe2 Ke8 17.Nb5 Bd8 18.Nxc7+ Bxc7 19.Bb5 a6 20.Rxd7 Bd8 21.Rxb7+ axb5
22.Rd1 Rxa2 23.Rxd8+ Kxd8 24.Rb8+ Kd7 25.Rxh8 Ra4 26.f5 Rh4 27.e6+ Ke7 28.exf7 Kxf7
29.fxg6+ Kxg6 30.Rb8 b4 31.Kd2 Rd4+ 32.Ke2 Kg5 33.Re8 Kh4 34.Re3 h5 35.c3 bxc3
36.bxc3 Rd6 37.c4 Rd4 38.Rc3 Re4+ 39.Kf2 Re6 40.c5 Rc6 41.Kg2 Rg6+ 42.Kf2 Rc6
43.Ke2 Rc7 44.c6 Re7+ 45.Kf3 Re5 46.c7  1-0

[Event "Helsinki op4"]
[Site "Helsinki"]
[Date "1998.??.??"]
[Round "4"]
[White "Hermlin, Aarne"]
[Black "Kilpela, Panu"]
[Result "1-0"]
[WhiteElo "2285"]
[BlackElo "2210"]

1.Nc3 d6 2.d4 Nf6 3.e4 c6 4.f4 Qa5 5.Bd3 e5 6.dxe5 dxe5 7.f5 b5 8.Nf3 Nbd7
9.O-O Bb7 10.Kh1 a6 11.Bd2 Qc7 12.a4 Be7 13.Qe2 O-O 14.Nd1 Nc5 15.a5 Nxd3
16.cxd3 c5 17.Nf2 Rfc8 18.Rfc1 Qd6 19.Rc2 Bd8 20.b3 Nd7 21.Be3 Rc6 22.h3 f6
23.Kh2 Qe7 24.g4 Qf7 25.Nd2 Rac8 26.h4 Nf8 27.Nh3 Qd7 28.g5 g6 29.fxg6 Nxg6
30.h5 Nf4 31.Bxf4 exf4 32.gxf6 Bxf6 33.Rg1+ Kh8 34.Nf3 Qe7 35.h6  1-0

[Event "Hessenliga9798"]
[Site "Hessen"]
[Date "1998.??.??"]
[Round "?.6"]
[White "Heidl, Guenther"]
[Black "Weil, Volker"]
[Result "0-1"]
[WhiteElo "2365"]
[BlackElo "2235"]

1.e4 d6 2.Nc3 c6 3.d4 Nf6 4.Bg5 Qa5 5.Qd2 Nbd7 6.f4 e5 7.Nf3 Be7 8.a3 O-O
9.O-O-O Re8 10.Kb1 Qc7 11.g4 Bf8 12.Bxf6 Nxf6 13.g5 Nd7 14.h4 exd4 15.Qxd4 Nc5
16.f5 b5 17.h5 Bb7 18.Rd2 Nxe4 19.Nxe4 c5 20.Qc3 Rxe4 21.Bxb5 Rf4 22.Rf1 Rxf5
23.g6 fxg6 24.hxg6 h6 25.Bc4+ d5 26.Bb3 c4 27.Rfd1 Qf4 28.Nd4 cxb3 29.Qxb3 Rg5
30.Qxb7 Rb8 31.Qc6 Bxa3 32.b3 Qf6 33.Qc7 Rf8 34.Qa5 Bd6 35.Nb5 Bf4 36.Rxd5 Rxd5
37.Rxd5 Qxg6 38.Nc3 Qg1+ 39.Ka2 Qf2 40.Na4 Qxc2+ 41.Nb2 Bg5 42.Qc5 Qxc5 43.Rxc5 Bf6
44.Nc4 Rd8 45.b4 Bd4 46.Rc6 Kh7 47.Nd6 Rb8 48.Ka3 Rb6 49.b5 Rxc6  0-1

[Event "Hessenliga9798"]
[Site "Hessen"]
[Date "1998.??.??"]
[Round "?.5"]
[White "Koeller, Oliver"]
[Black "Weil, Volker"]
[Result "0-1"]
[WhiteElo "2250"]
[BlackElo "2235"]

1.e4 d6 2.d4 Nf6 3.Nc3 e5 4.dxe5 dxe5 5.Qxd8+ Kxd8 6.Bc4 Bb4 7.Bd2 Be6 8.Bxe6 fxe6
9.O-O-O Ke7 10.Nh3 Nc6 11.f3 a6 12.Nf2 Bd6 13.Be3 b5 14.Rhe1 Rhd8 15.Nd3 Nb4
16.Nc5 Rdb8 17.Rd2 Nc6 18.Nb3 Nd7 19.Nd1 a5 20.Kb1 a4 21.Nc1 Nb6 22.Bxb6 Rxb6
23.c3 Na5 24.b3 axb3 25.axb3 Ba3 26.Nb2 Rc6 27.Kc2 Bb4 28.Rd3 Rd8 29.Red1 Rxd3
30.Rxd3 Nb7 31.Na2 Bd6 32.Rd1 Ra6 33.Nc1 Nc5 34.Nbd3 Nxd3 35.Rxd3 c5 36.c4 bxc4
37.bxc4 Ra4 38.Rc3 Kd7 39.Kd3 Kc6 40.Rb3 Ra1 41.Kc2 Ra4 42.Rc3 Bc7 43.Kb3 Rb4+
44.Ka3 Rb1 45.Ka2 Rb8 46.Nd3 Rd8 47.Kb3 Rf8 48.Kb2 g5 49.Ra3 Kb6 50.Kc2 Rg8
51.h3 Rf8 52.Kd2 Rd8 53.Kc3 Rf8 54.Ra1 Bd6 55.Kd2 Bc7 56.Ke3 Bd6 57.g4 Rh8
58.Rg1 Kc7 59.Ra1 Kb6 60.h4 gxh4 61.Rh1 Be7 62.Nxe5 Ra8 63.f4 Ra3+ 64.Nd3 e5
65.fxe5 Rc3 66.Rd1 Bg5+ 67.Kf3 Rxc4 68.e6 Rc3 69.e7 Bxe7 70.Kf4 h6 71.Ke5 Bg5
72.Kd6 c4 73.Nb4 Rb3 74.Nd5+ Kb5 75.Nc7+ Kb4 76.Nd5+ Ka3 77.e5 c3 78.Nxc3 Rxc3  0-1

[Event "4 Landerkampf"]
[Site "Hessen"]
[Date "1998.??.??"]
[Round "3"]
[White "Buchenau, Frank"]
[Black "Miltner, Arndt"]
[Result "0-1"]
[WhiteElo "2245"]
[BlackElo "2395"]

1.e4 d6 2.d4 Nf6 3.Nc3 Nbd7 4.Nf3 e5 5.g3 Be7 6.Bg2 O-O 7.O-O c6 8.a4 b6
9.b3 a6 10.Bb2 Bb7 11.Qd2 Re8 12.Rfe1 Qc7 13.Rad1 b5 14.Nh4 g6 15.axb5 axb5
16.d5 Nb6 17.dxc6 Bxc6 18.Nd5 Bxd5 19.exd5 Ra2 20.Rb1 Qc5 21.c3 Nfxd5 22.b4 Qc4
23.Bf1 Qc6 24.Bg2 Bxh4 25.gxh4 Qc4 26.Bf1 Qg4+ 27.Kh1 Nf4 28.Qe3 Nc4 29.Qg3 Qe6
30.Bc1 Qd5+ 31.Kg1 Nd2 32.Bxd2 Rxd2 33.Ra1 Rc8 34.Ra5 Rd1 35.Rxd1 Qxd1  0-1

[Event "HUN-chT2 9798"]
[Site "HUN"]
[Date "1998.??.??"]
[Round "?"]
[White "Szilagyi, Tibor"]
[Black "Sandor, Jozsef"]
[Result "0-1"]
[WhiteElo "2135"]
[BlackElo "2205"]

1.e4 d6 2.d4 Nf6 3.Nc3 c6 4.Nf3 Qa5 5.Bd2 e5 6.Nd5 Qd8 7.Nxf6+ Qxf6 8.Bg5 Qg6
9.dxe5 Bg4 10.Be3 Qxe4 11.exd6 Qb4+ 12.Qd2 Qxd2+ 13.Nxd2 Bxd6 14.Bd3 Nd7
15.f3 Be6 16.Bc4 Bc5 17.Bxc5 Nxc5 18.Bxe6 Nxe6 19.O-O-O O-O-O 20.Ne4 Kc7
21.Rxd8 Rxd8 22.Rd1 Rxd1+ 23.Kxd1 f5 24.Ng3 g6 25.Ne2 Kd6 26.Kd2 Ke5 27.Kd3 h5
28.g3 g5 29.c3 f4 30.Nc1 fxg3 31.hxg3 h4 32.gxh4 gxh4 33.Ke3 Nf4 34.a3 h3  0-1

[Event "HUN-chT29899"]
[Site "HUN"]
[Date "1998.??.??"]
[Round "?"]
[White "Gombar, Janos"]
[Black "Nagy, Karoly"]
[Result "1/2-1/2"]
[WhiteElo "2055"]
[BlackElo "2125"]

1.e4 d6 2.d4 Nf6 3.Nc3 c6 4.f4 Qa5 5.Bd3 Na6 6.Nf3 Nb4 7.O-O Nxd3 8.cxd3 Bg4
9.h3 Bxf3 10.Qxf3 Qb6 11.Qf2 e6 12.Be3 Qa6 13.Rad1 Be7 14.a4 Qa5 15.g4 h6
16.Qc2 Nd7 17.Rb1 c5 18.dxc5 dxc5 19.f5 e5 20.Nd5 Qd8 21.b4 Rc8 22.f6 gxf6
23.bxc5 Nxc5 24.Nxf6+ Bxf6 25.Bxc5 b6 26.Qf2 Rxc5 27.Qxf6 Qxf6 28.Rxf6 Ke7
29.Rf5 Ra5 30.d4 Rd8 31.Rxe5+ Rxe5 32.dxe5 Rd4 33.a5 bxa5 34.Rb7+ Ke6 35.Rxa7 a4
36.Kf2 Rxe4 37.Kf3 Rb4 38.Ra5 Rb3+ 39.Kf4 Rb4+ 40.Kg3 Rb3+ 41.Kf4 Rb4+ 42.Kf3  1/2-1/2

[Event "HUN-chT2 9798"]
[Site "HUN"]
[Date "1998.??.??"]
[Round "?"]
[White "Kun, Gabor"]
[Black "Francsics, Endre"]
[Result "1-0"]
[WhiteElo "2210"]
[BlackElo "2235"]

1.e4 d6 2.d4 Nf6 3.Nc3 c6 4.Be3 Qc7 5.Nf3 b5 6.Bd3 a6 7.O-O e5 8.h3 h6 9.a4 b4
10.Ne2 Be6 11.c3 bxc3 12.bxc3 g5 13.dxe5 dxe5 14.Nxe5 Bxh3 15.gxh3 Qxe5 16.Bd4 Qe7
17.e5 Nd5 18.e6 Rg8 19.Bh7 Rg7 20.Bxg7 Bxg7 21.exf7+ Qxf7 22.Qb1 Kf8 23.Bg6 Qd7
24.c4 Ne7 25.Rd1 Qc8 26.Ra3 Nd7 27.Bf5 Nxf5 28.Qxf5+ Nf6 29.Nd4 Kf7 30.Rb3 Bf8
31.Qxc8 Rxc8 32.Rb7+ Kg6 33.Ne6 Ba3 34.Rd8 Rxd8 35.Nxd8 Ne4 36.Nxc6 Kh5 37.Ne5 Nd6
38.Rb3 Bc5 39.Nd3 Bd4 40.c5 Ne8 41.Rb6 a5 42.Re6 Nc7 43.Rd6 Bc3 44.c6  1-0

[Event "HUN-chT29899"]
[Site "HUN"]
[Date "1998.??.??"]
[Round "?"]
[White "Boronyak, Arpad"]
[Black "Boguszlavszky, Jevgenyij"]
[Result "1-0"]
[WhiteElo "2250"]
[BlackElo "2295"]

1.e4 d6 2.d4 Nf6 3.Nc3 Nbd7 4.Nf3 e5 5.dxe5 dxe5 6.Bc4 Be7 7.Ng5 O-O 8.Bxf7+ Rxf7
9.Ne6 Qe8 10.Nxc7 Qd8 11.Nxa8 b6 12.Qd3 Bb7 13.Nxb6 axb6 14.Be3 Qa8 15.O-O-O Bb4
16.f3 Bxc3 17.Qxc3 Qxa2 18.Qa3 Qc4 19.Rd3 Rf8 20.Qb3 b5 21.Rhd1 Ra8 22.Kb1 Bc8
23.Rc3 Qxb3 24.Rxb3 Rb8 25.c4 b4 26.Rbd3 Nf8 27.b3 Kf7 28.Bc5 Ne8 29.Rd5 Ng6
30.Rd8 Nf4 31.g3 Ne6 32.R8d5 Kf6 33.Be3 N8c7 34.Rd6 Ne8 35.R6d2 N8c7 36.f4 Bb7
37.fxe5+ Kg6 38.Rd7 Bc6 39.R7d6 Bxe4+ 40.Kb2 Bf3 41.Rf1 Be4 42.g4 h5 43.Bb6 Kh7
44.gxh5 Na8 45.Rxe6 Nxb6 46.Rf7 Nd5 47.h6 Nc3 48.Rxg7+ Kh8 49.Ree7  1-0

[Event "HUN-chT2 9798"]
[Site "HUN"]
[Date "1998.??.??"]
[Round "?"]
[White "Gara, Ticia"]
[Black "Rozsa, Peter"]
[Result "0-1"]
[WhiteElo "2075"]
[BlackElo "2150"]

1.e4 d6 2.d4 Nf6 3.Nc3 e5 4.Nf3 Nbd7 5.Bc4 Be7 6.O-O O-O 7.Re1 c6 8.a4 Qc7
9.h3 b6 10.Kh1 a6 11.d5 cxd5 12.Bxd5 Bb7 13.Bxb7 Qxb7 14.Bg5 b5 15.axb5 axb5
16.Qd3 b4 17.Bxf6 Nxf6 18.Nd5 Nxd5 19.exd5 Rfc8 20.Red1 Rc5 21.Rxa8+ Qxa8
22.Qe4 Qb7 23.b3 g6 24.g4 h6 25.Kg2 Bd8 26.h4 Qc8 27.Rd2 f5 28.gxf5 gxf5
29.Qxb4 Ba5 30.Qa3 Bxd2 31.Nxd2 f4 32.Ne4 Qg4+ 33.Kf1 Qd1+ 34.Kg2 Qg4+ 35.Kf1 Qh3+
36.Kg1 f3 37.Qa8+ Rc8 38.Nf6+ Kh8  0-1

[Event "HUN-chT29899"]
[Site "HUN"]
[Date "1998.??.??"]
[Round "?"]
[White "Kun, Gabor"]
[Black "Kosztolanczi, Gyula"]
[Result "1-0"]
[WhiteElo "2220"]
[BlackElo "2150"]

1.e4 d6 2.d4 Nf6 3.Nc3 e5 4.Nf3 Nbd7 5.Bc4 Be7 6.Bxf7+ Kxf7 7.Ng5+ Kg8 8.Ne6 Qe8
9.Nxc7 Qg6 10.O-O Rb8 11.dxe5 dxe5 12.f4 h6 13.fxe5 Nxe5 14.Bf4 Bh3 15.Bg3 Rd8
16.N7d5 Nxd5 17.exd5 Ng4 18.gxh3 Ne3 19.Qe2 Nxf1 20.Rxf1 Bc5+ 21.Kh1 Re8
22.Qc4 b6 23.d6+ Kh7 24.d7 Qc6+ 25.Nd5 Ref8 26.Qe4+ g6 27.Nf6+ Rxf6 28.Qxc6 Rxf1+
29.Kg2 Rhf8 30.h4 Rg1+ 31.Kh3 Be7 32.h5 g5 33.Qe4+ Kg8 34.Qg6+ Kh8 35.Be5+ Bf6
36.Bxf6+  1-0

[Event "HUN-chT2 9798"]
[Site "HUN"]
[Date "1998.??.??"]
[Round "?"]
[White "Amrein, Roland"]
[Black "Kovacs, Gabor M"]
[Result "1-0"]
[WhiteElo "2245"]
[BlackElo "2285"]

1.e4 d6 2.d4 Nf6 3.Nc3 c6 4.f4 Qa5 5.Bd3 e5 6.Nf3 Nbd7 7.O-O Be7 8.Qe1 Qc7
9.a4 a5 10.Kh1 O-O 11.Bd2 Re8 12.Bc4 exd4 13.Nxd4 d5 14.exd5 Bc5 15.Nde2 Nb6
16.Bd3 Nbxd5 17.Nxd5 cxd5 18.Qh4 Bf5 19.Bb5 Ne4 20.Bc3 Qb6 21.Bxe8 Rxe8 22.Ng3 Bf2
23.Rad1 Re6 24.Rxd5 Nxg3+ 25.hxg3 Rh6 26.Bxa5 Bxg3 27.Bxb6 Rxh4+ 28.Kg1 Bh2+
29.Kf2  1-0

[Event "Ikaria op"]
[Site "Ikaria"]
[Date "1998.??.??"]
[Round "9"]
[White "Ilandzis, Spyridon"]
[Black "Nikolaidis, Ioannis"]
[Result "1/2-1/2"]
[WhiteElo "2235"]
[BlackElo "2490"]

1.e4 d6 2.d4 Nf6 3.Nc3 e5 4.dxe5 dxe5 5.Qxd8+ Kxd8 6.Bc4 Be6 7.Bxe6 fxe6
8.Be3 Bd6 9.f3 Nc6 10.O-O-O Ke7 11.Nge2 a6 12.Rd2 b5 13.Rhd1 Rhb8 14.Kb1 h6
15.Nc1 Na5 16.b3 Bb4 17.N1e2 Ba3 18.Ka1 Nc6 19.Nb1 Bd6 20.c3 Nd8  1/2-1/2

[Event "ITA tt"]
[Site "ITA"]
[Date "1998.??.??"]
[Round "?"]
[White "Penttinen, Jarkko"]
[Black "Stuhlik, Marko"]
[Result "1-0"]
[WhiteElo "2280"]
[BlackElo "2230"]

1.e4 d6 2.d4 Nf6 3.Nc3 c6 4.f4 Qa5 5.Bd3 e5 6.Nf3 Bg4 7.dxe5 dxe5 8.f5 Nbd7
9.Bd2 Qc7 10.Be2 Nc5 11.h3 Ncxe4 12.Nxe4 Nxe4 13.hxg4 Qb6 14.Rf1 Bc5 15.Qc1 O-O-O
16.Bd3 Bf2+ 17.Kd1 Ng3 18.Re1 Bxe1 19.Bxe1 Ne4 20.Ke2 Nd6 21.Qe3 e4  1-0

[Event "Karlskrona op"]
[Site "Karlskrona"]
[Date "1998.??.??"]
[Round "4"]
[White "Petkovic, Peter"]
[Black "Harren, Mats"]
[Result "1/2-1/2"]
[WhiteElo "2170"]
[BlackElo "2090"]

1.e4 d6 2.d4 Nf6 3.Nc3 Nbd7 4.f4 e5 5.Nf3 exd4 6.Qxd4 c6 7.Be3 Be7 8.O-O-O O-O
9.h3 Qa5 10.Kb1 b5 11.e5 b4 12.Ne4 Nxe4 13.Qxe4 d5 14.Qd3 Nc5 15.Bxc5 Qxc5
16.Nd4 Qb6 17.g4 a5 18.g5 a4 19.f5 Bc5 20.g6 Bxd4 21.gxh7+ Kxh7 22.f6+ g6
23.Qxd4 Qxd4 24.Rxd4 Re8 25.Rh4+ Kg8 26.Rxb4 Rxe5 27.Bg2 Bf5 28.Bf3 a3 29.bxa3 Rxa3
30.Rb8+ Kh7 31.Bg4 Re6 32.Bxf5 gxf5 33.Rb3 Ra4 34.Rf1 Rxf6 35.Rbf3 f4 36.Rg1 Rc4
37.Rg4 c5 38.a3 Rb6+ 39.Kc1  1/2-1/2

[Event "Independence Cup op"]
[Site "Kiev"]
[Date "1998.??.??"]
[Round "2"]
[White "Chichkin, Vasily"]
[Black "Vinitsky, Igor"]
[Result "1/2-1/2"]
[WhiteElo "2380"]
[BlackElo "2245"]

1.d4 d6 2.e4 Nf6 3.Nc3 c6 4.f4 Qa5 5.Bd3 e5 6.dxe5 dxe5 7.fxe5 Ng4 8.Nf3 Be6
9.Qe2 Nd7 10.Bd2 Ngxe5 11.Nd5 Qd8 12.Nf4 Bg4 13.h3 Bxf3 14.gxf3 Qh4+ 15.Kd1 O-O-O
16.Ng2 Qf6 17.Ne1 Nc5 18.Rb1 Qd6 19.Bb4 Qd7 20.Bxc5 Bxc5 21.b4 Be7 22.Rb3 Bg5
23.Qf2 Qd4 24.Qxd4 Rxd4 25.Ke2 Rhd8 26.Ng2 Ng6 27.h4 Nf4+ 28.Nxf4 Bxf4 29.h5 R4d6
30.Rbb1 h6 31.Rh4 Bg5 32.Rg4 Re8 33.Kf2 g6 34.Rh1 gxh5 35.Rxh5 Bd2 36.e5 Rd5
37.Re4 f6 38.exf6 Rxe4 39.Rxd5 cxd5 40.fxe4 dxe4  1/2-1/2

[Event "Independence Cup op"]
[Site "Kiev"]
[Date "1998.??.??"]
[Round "4"]
[White "Shianovsky, Vladislav I"]
[Black "Vinitsky, Igor"]
[Result "1/2-1/2"]
[WhiteElo "2340"]
[BlackElo "2245"]

1.e4 d6 2.d4 Nf6 3.Nc3 c6 4.a4 Nbd7 5.Nf3 e5 6.Bc4 Be7 7.O-O O-O 8.Bg5 Nxe4
9.Nxe4 d5 10.Bxe7 Qxe7 11.Nxe5 Nxe5 12.dxe5  1/2-1/2

[Event "Kiev-ch"]
[Site "Kiev"]
[Date "1998.??.??"]
[Round "4"]
[White "Semenova, Lidia K"]
[Black "Mishchenko, Victor"]
[Result "1/2-1/2"]
[WhiteElo "2305"]
[BlackElo "2225"]

1.d4 d6 2.e4 Nf6 3.Nc3 Nbd7 4.f4 e6 5.e5 Nd5 6.Nxd5 exd5 7.Nf3 c5 8.c3 Be7
9.dxc5 dxe5 10.Qxd5 exf4 11.Bxf4 Nxc5 12.Qxd8+ Bxd8 13.O-O-O a6 14.Bc4 Be7
15.Bd6 Bxd6 16.Rxd6 Be6 17.Bxe6 Nxe6 18.Ne5 O-O 19.Re1 Rfe8 20.Nc4 Rad8 21.Red1 Rxd6
22.Nxd6 Re7 23.a4 g6 24.a5 Kg7 25.b4 Kf8 26.Kc2 Rd7 27.c4 Ke7 28.c5 f5 29.Kc3 h5
30.Re1 Kf6 31.Kc4 Re7 32.b5 axb5+ 33.Nxb5 h4 34.Nd6 Kg5 35.Re3 Kf4 36.Rf3+ Kg4
37.Rb3 Nd8 38.Kd5 Rd7 39.h3+ Kf4 40.Rf3+ Kg5 41.Ra3 Kf4 42.Rf3+ Kg5 43.Rf2 Rc7
44.Rb2 Kf4 45.Rb3 Rd7 46.Kc4 Re7 47.Kb5 Ke5 48.Nc8 Re6 49.Kc4 Ra6 50.Rb6 Rxa5
51.Rxg6 Ne6 52.Kb4 Ra2 53.Nd6 Rc2 54.Ne4 Nd4 55.Nc3 Rb2+ 56.Ka5 Nc6+  1/2-1/2